[Event "20. Obert Int. Sant Marti 2018"]
[Site "Barcelona ESP"]
[Date "2018.07.21"]
[Round "9.27"]
[White "Deepak, Katiyar"]
[Black "Jijo, Joy"]
[Result "1/2-1/2"]
[WhiteElo "2108"]
[BlackElo "1969"]
[PlyCount "72"]
[EventDate "2018.07.13"]
[EventType "swiss"]
[EventRounds "9"]
[EventCountry "ESP"]
[SourceTitle "Ajedrez en Madrid"]
[Source "lmi"]
[SourceDate "2018.07.13"]
[SourceVersion "1"]
[SourceVersionDate "2019.06.21"]
[SourceQuality "1"]

1. e4 c5 2. Nf3 d6 3. d4 cxd4 4. Nxd4 g6 5. Nc3 Nf6 6. Be3 Bg7 7. f3 O-O 8. Qd2
Nc6 9. Bc4 Bd7 10. O-O-O Rc8 11. Bb3 Ne5 12. h4 h5 13. Bh6 Bxh6 14. Qxh6 Rxc3
15. bxc3 Qc7 16. Kb1 Qxc3 17. Ne2 Qc7 18. g4 Nc4 19. Rdg1 Be6 20. Nd4 Na3+ 21.
Kb2 Bxb3 22. cxb3 Qb6 23. Nf5 gxf5 24. gxf5+ Ng4 25. Rxg4+ hxg4 26. Qg5+ Kh7
27. Qh5+ Kg8 28. Qxg4+ Kh7 29. Qh5+ Kg8 30. Qg4+ Kh7 31. Qh5+ Kg8 32. Qg4+ Kh7
33. Qh5+ Kg8 34. Qg5+ Kh7 35. Qh5+ Kg8 36. Qg5+ Kh7 1/2-1/2

[Event "20. Obert Int. Sant Marti 2018"]
[Site "Barcelona ESP"]
[Date "2018.07.21"]
[Round "9.28"]
[White "Anuj, Shrivatri"]
[Black "Claramunt Bassegoda, Marcel"]
[Result "1-0"]
[WhiteElo "2094"]
[BlackElo "1894"]
[PlyCount "132"]
[EventDate "2018.07.13"]
[EventType "swiss"]
[EventRounds "9"]
[EventCountry "ESP"]
[SourceTitle "Ajedrez en Madrid"]
[Source "lmi"]
[SourceDate "2018.07.13"]
[SourceVersion "1"]
[SourceVersionDate "2019.06.21"]
[SourceQuality "1"]

1. d4 Nf6 2. Nf3 d5 3. c4 e6 4. e3 b6 5. b3 Bd6 6. Bb2 O-O 7. Bd3 Bb7 8. O-O
Nbd7 9. Nc3 a6 10. Rc1 dxc4 11. bxc4 c5 12. Qe2 Qc7 13. h3 Rad8 14. Rfd1 Rfe8
15. d5 exd5 16. Nxd5 Bxd5 17. cxd5 b5 18. Bb1 Ne5 19. Nh4 g6 20. f4 Ned7 21.
Qf3 c4 22. Kh1 b4 23. Bd4 c3 24. g3 Nh5 25. Nf5 Bc5 26. d6 Bxd6 27. Nxd6 Qxd6
28. g4 Nhf6 29. Bxc3 Qe7 30. Bd4 Rc8 31. g5 Rxc1 32. Rxc1 Nh5 33. Rc7 Qe6 34.
Kg2 a5 35. Qc6 Qxc6+ 36. Rxc6 Ng7 37. Rd6 Nb8 38. Be5 Rc8 39. Be4 Nf5 40. Bxf5
gxf5 41. Rd5 a4 42. Rb5 Nc6 43. Bd6 Rd8 44. Bxb4 Nxb4 45. Rxb4 Rd2+ 46. Kf3
Rxa2 47. Rb5 Rh2 48. Rxf5 Rxh3+ 49. Ke4 Rh2 50. Ra5 Ra2 51. Kf5 Kg7 52. Ra6 a3
53. e4 Rb2 54. Rxa3 Rb5+ 55. e5 Rb6 56. Rd3 Ra6 57. Rd6 Ra5 58. Kg4 Ra7 59. Kh4
Rb7 60. Kh5 Rb1 61. Rd7 Rb6 62. f5 Rb8 63. e6 Rf8 64. f6+ Kg8 65. e7 Re8 66.
Rd8 h6 1-0

[Event "20. Obert Int. Sant Marti 2018"]
[Site "Barcelona ESP"]
[Date "2018.07.21"]
[Round "9.29"]
[White "Bhuta, Hriday"]
[Black "Minko, Dmitry"]
[Result "1/2-1/2"]
[WhiteElo "1650"]
[BlackElo "2085"]
[PlyCount "69"]
[EventDate "2018.07.13"]
[EventType "swiss"]
[EventRounds "9"]
[EventCountry "ESP"]
[SourceTitle "Ajedrez en Madrid"]
[Source "lmi"]
[SourceDate "2018.07.13"]
[SourceVersion "1"]
[SourceVersionDate "2019.06.21"]
[SourceQuality "1"]

1. d4 Nf6 2. c4 e6 3. Nc3 d5 4. cxd5 exd5 5. Bg5 c6 6. Qc2 Na6 7. a3 Nc7 8. e3
Be7 9. Bd3 Ne6 10. Bh4 g6 11. Nf3 Ng7 12. O-O Bf5 13. Bxf5 Nxf5 14. Bg5 O-O 15.
Qb3 Qb6 16. Qc2 Rfe8 17. b4 a6 18. Ne5 Qd8 19. Na4 Nd7 20. Bxe7 Rxe7 21. Nxd7
Rxd7 22. Qc5 Re7 23. Qc2 Nd6 24. Nb2 Rc7 25. a4 a5 26. Qb3 axb4 27. Qxb4 b5 28.
axb5 Rb8 29. b6 Rcb7 30. Na4 Nc4 31. h3 Ra8 32. Rfc1 Ra5 33. Qe1 Ra8 34. Qb4
Ra5 35. Qe1 1/2-1/2

[Event "20. Obert Int. Sant Marti 2018"]
[Site "Barcelona ESP"]
[Date "2018.07.21"]
[Round "9.30"]
[White "Jaeel, Atharva"]
[Black "Ghelani, Dhairya"]
[Result "1-0"]
[WhiteElo "2083"]
[BlackElo "1778"]
[PlyCount "59"]
[EventDate "2018.07.13"]
[EventType "swiss"]
[EventRounds "9"]
[EventCountry "ESP"]
[SourceTitle "Ajedrez en Madrid"]
[Source "lmi"]
[SourceDate "2018.07.13"]
[SourceVersion "1"]
[SourceVersionDate "2019.06.21"]
[SourceQuality "1"]

1. d4 Nf6 2. c4 e6 3. Nf3 b6 4. g3 Bb7 5. Bg2 Be7 6. O-O O-O 7. Re1 c5 8. d5 d6
9. e4 e5 10. Nc3 Bc8 11. h3 h6 12. Be3 Nh7 13. Kh2 f5 14. exf5 Bxf5 15. Nxe5
Bf6 16. Nc6 Qd7 17. Qd2 Ng5 18. Bxg5 hxg5 19. Ne4 Bxe4 20. Bxe4 g4 21. Qe2 Nxc6
22. dxc6 Qc8 23. Bd5+ Kh8 24. Be6 Qxc6 25. Qxg4 g5 26. Qh5+ Kg7 27. Bf5 Rf7 28.
Qg6+ Kf8 29. Be4 Qe8 30. Bd5 1-0

[Event "20. Obert Int. Sant Marti 2018"]
[Site "Barcelona ESP"]
[Date "2018.07.21"]
[Round "9.31"]
[White "Kumar, Gaurav"]
[Black "Kadam, Om Manish"]
[Result "1-0"]
[WhiteElo "2074"]
[BlackElo "1836"]
[PlyCount "54"]
[EventDate "2018.07.13"]
[EventType "swiss"]
[EventRounds "9"]
[EventCountry "ESP"]
[SourceTitle "Ajedrez en Madrid"]
[Source "lmi"]
[SourceDate "2018.07.13"]
[SourceVersion "1"]
[SourceVersionDate "2019.06.21"]
[SourceQuality "1"]

1. e4 c5 2. Nf3 d6 3. d4 cxd4 4. Nxd4 Nf6 5. Nc3 a6 6. Bg5 Nbd7 7. Qe2 e6 8. f4
Qc7 9. O-O-O Be7 10. g4 O-O 11. Bh4 Nc5 12. g5 Nfd7 13. f5 Re8 14. g6 Bxh4 15.
gxf7+ Kxf7 16. Qh5+ Kf8 17. Qxh4 Nf6 18. fxe6 Bxe6 19. Nxe6+ Rxe6 20. Bc4 Rxe4
21. Nxe4 Ncxe4 22. Bd5 Nxd5 23. Qxe4 Nf6 24. Rhf1 Kg8 25. Qe6+ Kh8 26. Qxd6
Qxd6 27. Rxd6 h6 1-0

[Event "20. Obert Int. Sant Marti 2018"]
[Site "Barcelona ESP"]
[Date "2018.07.21"]
[Round "9.33"]
[White "Rueda Marquez, David J."]
[Black "Salvany Rius, Joaquim"]
[Result "1-0"]
[WhiteElo "2110"]
[BlackElo "1952"]
[PlyCount "67"]
[EventDate "2018.07.13"]
[EventType "swiss"]
[EventRounds "9"]
[EventCountry "ESP"]
[SourceTitle "Ajedrez en Madrid"]
[Source "lmi"]
[SourceDate "2018.07.13"]
[SourceVersion "1"]
[SourceVersionDate "2019.06.21"]
[SourceQuality "1"]

1. b3 Nf6 2. Bb2 g6 3. Nf3 Bg7 4. g3 O-O 5. Bg2 c5 6. c4 Nc6 7. O-O d6 8. Nc3
Ne4 9. Qc2 Nxc3 10. Bxc3 e5 11. a3 Qe7 12. d3 f5 13. e3 g5 14. Nd2 f4 15. b4
fxe3 16. fxe3 Bf5 17. Ne4 Rac8 18. Qe2 b6 19. b5 Nb8 20. g4 Be6 21. Ng3 Qd7 22.
h3 d5 23. e4 d4 24. Bd2 a5 25. Bxg5 Qd6 26. Nf5 Bxf5 27. exf5 Nd7 28. Bh4 e4
29. Qxe4 Rce8 30. Qd5+ Qxd5 31. Bxd5+ Kh8 32. Bc6 Rf7 33. f6 Bf8 34. Bd5 1-0

[Event "20. Obert Int. Sant Marti 2018"]
[Site "Barcelona ESP"]
[Date "2018.07.21"]
[Round "9.34"]
[White "Rodriguez Vega, Blas"]
[Black "Lacasta Palacio, Joaquim"]
[Result "0-1"]
[WhiteElo "1992"]
[BlackElo "2105"]
[PlyCount "72"]
[EventDate "2018.07.13"]
[EventType "swiss"]
[EventRounds "9"]
[EventCountry "ESP"]
[SourceTitle "Ajedrez en Madrid"]
[Source "lmi"]
[SourceDate "2018.07.13"]
[SourceVersion "1"]
[SourceVersionDate "2019.06.21"]
[SourceQuality "1"]

1. d4 e6 2. Bf4 d5 3. e3 c5 4. c3 Nc6 5. Nf3 Nf6 6. Bd3 Bd6 7. Bg3 O-O 8. Nbd2
Qe7 9. Ne5 Bxe5 10. dxe5 Nd7 11. Nf3 f6 12. Qc2 g6 13. exf6 Qxf6 14. Bh4 Qg7
15. O-O c4 16. Be2 Nc5 17. b3 b5 18. Nd4 Nxd4 19. cxd4 Ne4 20. bxc4 bxc4 21.
Bxc4 g5 22. f3 gxh4 23. fxe4 dxc4 24. Qxc4 Bd7 25. Rf4 h3 26. g3 Rac8 27. Rxf8+
Rxf8 28. Rf1 Rxf1+ 29. Qxf1 e5 30. Qc4+ Qf7 31. Qxf7+ Kxf7 32. Kf2 Bg4 33. Ke1
Ke6 34. Kd2 Kd6 35. Kd3 Bf3 36. a3 h5 0-1

[Event "20. Obert Int. Sant Marti 2018"]
[Site "Barcelona ESP"]
[Date "2018.07.21"]
[Round "9.35"]
[White "Pena Mor, David"]
[Black "Dahale, Atul"]
[Result "0-1"]
[WhiteElo "1858"]
[BlackElo "2040"]
[PlyCount "108"]
[EventDate "2018.07.13"]
[EventType "swiss"]
[EventRounds "9"]
[EventCountry "ESP"]
[SourceTitle "Ajedrez en Madrid"]
[Source "lmi"]
[SourceDate "2018.07.13"]
[SourceVersion "1"]
[SourceVersionDate "2019.06.21"]
[SourceQuality "1"]

1. d4 Nf6 2. c4 g6 3. Nc3 Bg7 4. e4 d6 5. Nf3 O-O 6. Be2 Bg4 7. O-O Nfd7 8. Be3
Nc6 9. Rc1 e5 10. d5 Bxf3 11. Bxf3 Nd4 12. Bxd4 exd4 13. Nb5 d3 14. Qxd3 Bxb2
15. Rb1 Bg7 16. Rfd1 Nc5 17. Qc2 a6 18. Nd4 Bxd4 19. Rxd4 Qf6 20. Rdd1 Rae8 21.
Re1 Re5 22. Re3 Rfe8 23. Rbe1 Qg5 24. g3 f5 25. Bg2 f4 26. gxf4 Qxf4 27. Qe2
Rg5 28. Rg3 Rge5 29. Re3 R5e7 30. Qf3 Qxf3 31. Bxf3 Kg7 32. Kg2 Nd7 33. Kg3 Ne5
34. Be2 g5 35. Rf1 Ng6 36. Bf3 b6 37. Rfe1 Rf8 38. Be2 a5 39. a3 Rf4 40. Bh5
Ne5 41. Be2 Ref7 42. Rf1 R7f6 43. h3 Kf8 44. f3 Rh6 45. Rh1 Ke7 46. Rc3 Rfh4
47. Rh2 Ng6 48. Bf1 Nf4 49. Re3 Kf6 50. Re1 Ke5 51. Rd1 Rf6 52. Rf2 Nh5+ 53.
Kg2 Rh6 54. Rdd2 Nf4+ 0-1

[Event "20. Obert Int. Sant Marti 2018"]
[Site "Barcelona ESP"]
[Date "2018.07.21"]
[Round "9.36"]
[White "Garcia Ruiz, Adrian"]
[Black "Sanchez Lopez, Juan Manuel"]
[Result "1/2-1/2"]
[WhiteElo "1995"]
[BlackElo "2127"]
[PlyCount "116"]
[EventDate "2018.07.13"]
[EventType "swiss"]
[EventRounds "9"]
[EventCountry "ESP"]
[SourceTitle "Ajedrez en Madrid"]
[Source "lmi"]
[SourceDate "2018.07.13"]
[SourceVersion "1"]
[SourceVersionDate "2019.06.21"]
[SourceQuality "1"]

1. e4 d5 2. exd5 Nf6 3. d4 c6 4. dxc6 Nxc6 5. c3 Bf5 6. Nf3 Qd5 7. Be2 Bxb1 8.
Rxb1 Qxa2 9. Bf4 e6 10. O-O Be7 11. Ne5 O-O 12. Bf3 Nd5 13. Bg3 Nxe5 14. Bxe5
Rfd8 15. Re1 Bd6 16. Qe2 Bxe5 17. Qxe5 Rac8 18. h4 Qc4 19. Ra1 a6 20. h5 Qc7
21. Qg5 h6 22. Qd2 a5 23. Re5 b6 24. Bxd5 Rxd5 25. Rxd5 exd5 26. Re1 b5 27. Re5
Qc6 28. g3 b4 29. cxb4 Qc1+ 30. Qxc1 Rxc1+ 31. Kg2 axb4 32. Rxd5 Rc2 33. Rd8+
Kh7 34. Rd7 Kg8 35. Rd8+ Kh7 36. Rf8 Rxb2 37. Rxf7 Rd2 38. Rd7 b3 39. Rb7 b2
40. Kf3 Rxd4 41. Rxb2 Rd6 42. g4 Kg8 43. Kg3 Kf7 44. Rb5 Rc6 45. Rf5+ Kg8 46.
Ra5 Kf7 47. f4 Rc3+ 48. Kh4 Rc4 49. Rf5+ Kg8 50. Kg3 Rc3+ 51. Kf2 Ra3 52. g5
hxg5 53. fxg5 g6 54. hxg6 Kg7 55. Rf6 Ra5 56. Kf3 Rxg5 57. Ra6 Rxg6 58. Rxg6+
Kxg6 1/2-1/2

[Event "20. Obert Int. Sant Marti 2018"]
[Site "Barcelona ESP"]
[Date "2018.07.21"]
[Round "9.37"]
[White "Perez Pastora, Evarist"]
[Black "Riu Lopez, Daniel"]
[Result "0-1"]
[WhiteElo "2103"]
[BlackElo "1920"]
[PlyCount "56"]
[EventDate "2018.07.13"]
[EventType "swiss"]
[EventRounds "9"]
[EventCountry "ESP"]
[SourceTitle "Ajedrez en Madrid"]
[Source "lmi"]
[SourceDate "2018.07.13"]
[SourceVersion "1"]
[SourceVersionDate "2019.06.21"]
[SourceQuality "1"]

1. e4 d5 2. exd5 Qxd5 3. Nc3 Qa5 4. Bc4 Nf6 5. Nge2 e5 6. d3 Bc5 7. O-O O-O 8.
Bg5 Nbd7 9. a3 Qb6 10. Na4 Qc6 11. Nxc5 Qxc5 12. Ng3 b5 13. Bb3 Bb7 14. Re1 h6
15. Bxf6 Nxf6 16. Nh5 Qc6 17. Nxf6+ Qxf6 18. Qh5 Rae8 19. Re3 a6 20. Rae1 e4
21. dxe4 Qxb2 22. e5 Re7 23. Rg3 Kh8 24. h3 c5 25. Ree3 c4 26. Rxg7 Qc1+ 27.
Kh2 Kxg7 28. Rg3+ Kh8 0-1

[Event "20. Obert Int. Sant Marti 2018"]
[Site "Barcelona ESP"]
[Date "2018.07.21"]
[Round "9.38"]
[White "Marchador Villalba, Jordi"]
[Black "Magallanes, Gustavo"]
[Result "1-0"]
[WhiteElo "2009"]
[BlackElo "1952"]
[PlyCount "87"]
[EventDate "2018.07.13"]
[EventType "swiss"]
[EventRounds "9"]
[EventCountry "ESP"]
[SourceTitle "Ajedrez en Madrid"]
[Source "lmi"]
[SourceDate "2018.07.13"]
[SourceVersion "1"]
[SourceVersionDate "2019.06.21"]
[SourceQuality "1"]

1. d4 Nf6 2. Bg5 g6 3. Bxf6 exf6 4. e3 d5 5. c4 c6 6. Nc3 Be6 7. cxd5 cxd5 8.
g3 Nc6 9. Bg2 Qd7 10. a3 Rd8 11. b4 h5 12. h4 Be7 13. Nh3 g5 14. Rc1 Rc8 15.
Qb3 Rd8 16. Qa4 a6 17. Qc2 Bf5 18. Qb3 Be6 19. Na4 Qd6 20. Nc5 Qb8 21. Qd3 Bc8
22. Nxa6 Qd6 23. Nc5 Kf8 24. Ng1 Kg7 25. Bh3 g4 26. Bg2 f5 27. Ne2 Bf6 28. Nf4
Ne7 29. Qb3 Kh6 30. b5 b6 31. Ncd3 Rhe8 32. O-O Rg8 33. Nb4 Be6 34. Nc6 Ng6 35.
Nxd8 Qxd8 36. Rc6 Nxf4 37. exf4 Bxh4 38. Bxd5 Rg6 39. Bxe6 Bxg3 40. Qxg3 fxe6
41. Re1 h4 42. Qe3 g3 43. Rxe6 gxf2+ 44. Kxf2 1-0

[Event "20. Obert Int. Sant Marti 2018"]
[Site "Barcelona ESP"]
[Date "2018.07.21"]
[Round "9.39"]
[White "Varela Cuadrado, Cesar"]
[Black "Chang, Suzana"]
[Result "1/2-1/2"]
[WhiteElo "1856"]
[BlackElo "2005"]
[PlyCount "157"]
[EventDate "2018.07.13"]
[EventType "swiss"]
[EventRounds "9"]
[EventCountry "ESP"]
[SourceTitle "Ajedrez en Madrid"]
[Source "lmi"]
[SourceDate "2018.07.13"]
[SourceVersion "1"]
[SourceVersionDate "2019.06.21"]
[SourceQuality "1"]

1. e4 c5 2. Nf3 e6 3. g3 Nc6 4. Bg2 Nf6 5. Qe2 d6 6. O-O Be7 7. c3 O-O 8. d4
cxd4 9. cxd4 d5 10. e5 Ne4 11. Be3 f5 12. exf6 Bxf6 13. Rd1 Qe8 14. Nbd2 Qh5
15. Nb3 Be7 16. Re1 Bd6 17. Ng5 Qxe2 18. Rxe2 Nxg5 19. Bxg5 a5 20. Rd1 a4 21.
Nc1 Bd7 22. a3 Ra6 23. Na2 Rb6 24. Bc1 Na5 25. f4 Nb3 26. Be3 g6 27. Nc1 Na5
28. Nd3 Bb5 29. Bc1 Bb8 30. Rc2 Bc4 31. Rc3 Nb3 32. Be3 Bd6 33. Nc1 Na5 34. Rd2
Ra6 35. Nd3 Nb3 36. Rd1 b5 37. Bh3 Re8 38. Ne5 Kg7 39. Rc2 Na5 40. Rf2 Bb3 41.
Rdf1 Ra7 42. g4 Bc4 43. Nxc4 Nxc4 44. Bc1 Bc7 45. f5 exf5 46. gxf5 Bb6 47. f6+
Kf7 48. Rf4 Re4 49. Rxe4 dxe4 50. Rd1 e3 51. Kf1 Kxf6 52. Ke2 Re7 53. d5 Re5
54. Be6 Rh5 55. h3 Rg5 56. Bg4 h5 57. Bf3 Ke7 58. h4 Rg3 59. d6+ Kd7 60. Rd5
Rg1 61. Rd1 Rxd1 62. Kxd1 Kxd6 63. Be4 Bd8 64. Bxg6 Bxh4 65. Bxh5 Bf6 66. Kc2
Kc5 67. b3 axb3+ 68. Kxb3 Bg5 69. Be2 Nb6 70. Bb2 Nd5 71. Be5 Ne7 72. Bc3 Nd5
73. Be5 Bf4 74. Bg7 Nc7 75. a4 Ne6 76. Bc3 bxa4+ 77. Kxa4 Nc7 78. Kb3 Nd5 79.
Bg7 1/2-1/2

[Event "20. Obert Int. Sant Marti 2018"]
[Site "Barcelona ESP"]
[Date "2018.07.21"]
[Round "9.41"]
[White "Niklesh, Kumar Jain"]
[Black "Casaponsa Puig, Gaieta"]
[Result "1-0"]
[WhiteElo "1955"]
[BlackElo "1818"]
[PlyCount "80"]
[EventDate "2018.07.13"]
[EventType "swiss"]
[EventRounds "9"]
[EventCountry "ESP"]
[SourceTitle "Ajedrez en Madrid"]
[Source "lmi"]
[SourceDate "2018.07.13"]
[SourceVersion "1"]
[SourceVersionDate "2019.06.21"]
[SourceQuality "1"]

1. e4 c6 2. d4 d5 3. exd5 cxd5 4. Bd3 Nf6 5. c3 Nc6 6. Bf4 e6 7. Nf3 g6 8. Nbd2
Bg7 9. Qe2 a6 10. Ne5 Nxe5 11. Bxe5 b5 12. a3 O-O 13. O-O Bb7 14. h3 Qe7 15.
Rfe1 Rfd8 16. b4 Rac8 17. Rac1 Bh6 18. Rc2 Nd7 19. Nb3 Ra8 20. Nc5 Nxe5 21.
Qxe5 Bg7 22. Qg3 Bc6 23. h4 Bd7 24. Rce2 Bc8 25. h5 Ra7 26. hxg6 hxg6 27. Re3
Bh6 28. f4 Qf6 29. Rf3 Re7 30. Re5 Bg7 31. Qh2 Rd6 32. Rh3 Ra7 33. Rh7 Ra8 34.
Re3 a5 35. g4 g5 36. f5 Rc6 37. Bxb5 Rb6 38. Bf1 axb4 39. axb4 Ra3 40. Rhh3 Rb8
1-0

[Event "20. Obert Int. Sant Marti 2018"]
[Site "Barcelona ESP"]
[Date "2018.07.21"]
[Round "9.42"]
[White "Lorenzo Martinez, Ruben"]
[Black "Riu Lopez, Sergi"]
[Result "1/2-1/2"]
[WhiteElo "1846"]
[BlackElo "1932"]
[PlyCount "126"]
[EventDate "2018.07.13"]
[EventType "swiss"]
[EventRounds "9"]
[EventCountry "ESP"]
[SourceTitle "Ajedrez en Madrid"]
[Source "lmi"]
[SourceDate "2018.07.13"]
[SourceVersion "1"]
[SourceVersionDate "2019.06.21"]
[SourceQuality "1"]

1. d4 d5 2. Bf4 Nf6 3. e3 e6 4. Nf3 c5 5. c3 Bd6 6. Bg3 O-O 7. Bd3 b6 8. Nbd2
Bb7 9. Ne5 Ne4 10. Qc2 f5 11. f4 Nc6 12. O-O Nxe5 13. dxe5 Be7 14. Nf3 Qc7 15.
Rad1 Rfd8 16. Be1 Kh8 17. b4 Rac8 18. b5 Qd7 19. a4 Qe8 20. Be2 Qg6 21. Nh4
Bxh4 22. Bxh4 Rd7 23. Bf3 Rcc7 24. Rd3 d4 25. Be1 dxc3 26. Bxc3 Bd5 27. Qe2 Qe8
28. Bxe4 Bxe4 29. Rd6 Qe7 30. Rfd1 Bd5 31. a5 Rb7 32. axb6 axb6 33. Ra1 Rxd6
34. exd6 Qxd6 35. Ra8+ Rb8 36. Be5 Rxa8 37. Bxd6 Ra1+ 38. Kf2 Ra2 39. Bc7 Rxe2+
40. Kxe2 Bc4+ 41. Kd2 Bxb5 42. Bxb6 Bf1 43. g3 c4 44. Kc3 Kg8 45. Bd4 Kf7 46.
Kd2 g6 47. Ke1 Bd3 48. Kd2 Ke7 49. Be5 Kd7 50. Kc3 Kc6 51. Bd4 Kd5 52. Kd2 Ke4
53. h4 Kf3 54. Bf6 Kxg3 55. Kc3 Kf3 56. Kd2 Ke4 57. Be5 Kd5 58. Bd4 Kd6 59.
Be5+ Ke7 60. Bd4 Kf7 61. Be5 h6 62. Bd4 Be4 63. Be5 Bd5 1/2-1/2

[Event "20. Obert Int. Sant Marti 2018"]
[Site "Barcelona ESP"]
[Date "2018.07.21"]
[Round "9.43"]
[White "Llorens Gou, Juan"]
[Black "Ji, Pablo"]
[Result "1/2-1/2"]
[WhiteElo "1717"]
[BlackElo "1774"]
[PlyCount "74"]
[EventDate "2018.07.13"]
[EventType "swiss"]
[EventRounds "9"]
[EventCountry "ESP"]
[SourceTitle "Ajedrez en Madrid"]
[Source "lmi"]
[SourceDate "2018.07.13"]
[SourceVersion "1"]
[SourceVersionDate "2019.06.21"]
[SourceQuality "1"]

1. d4 e6 2. Bf4 Nf6 3. Nf3 d5 4. e3 Nbd7 5. Bd3 c5 6. c3 Be7 7. Nbd2 O-O 8. O-O
a6 9. h3 h6 10. a4 b6 11. Re1 Bb7 12. Bh2 Rc8 13. e4 Nxe4 14. Nxe4 dxe4 15.
Bxe4 Bxe4 16. Rxe4 Nf6 17. Re1 c4 18. Qe2 Qd5 19. Ne5 Rfe8 20. Qf3 Qxf3 21.
Nxf3 Red8 22. Ne5 Nd5 23. Ng4 Bd6 24. Bxd6 Rxd6 25. g3 Rc7 26. Ne3 Ne7 27. Nc2
Nc6 28. Kg2 Rc8 29. f4 Kf8 30. Ne3 Ne7 31. Nc2 Nc6 32. Ne3 Ne7 33. Nc2 Nd5 34.
Ne3 Ne7 35. Nc2 Nd5 36. Ne3 Ne7 37. Nc2 Nd5 1/2-1/2

[Event "20. Obert Int. Sant Marti 2018"]
[Site "Barcelona ESP"]
[Date "2018.07.21"]
[Round "9.44"]
[White "Houzi Acharki, Hanane"]
[Black "Robert, Thibaud"]
[Result "1-0"]
[WhiteElo "1664"]
[BlackElo "1830"]
[PlyCount "37"]
[EventDate "2018.07.13"]
[EventType "swiss"]
[EventRounds "9"]
[EventCountry "ESP"]
[SourceTitle "Ajedrez en Madrid"]
[Source "lmi"]
[SourceDate "2018.07.13"]
[SourceVersion "1"]
[SourceVersionDate "2019.06.21"]
[SourceQuality "1"]

1. d4 Nf6 2. Nf3 g6 3. Nc3 d5 4. Bf4 c6 5. e3 Bg7 6. Be2 O-O 7. h4 Nbd7 8. Ne5
Ne4 9. Nxe4 dxe4 10. Nxd7 Bxd7 11. h5 g5 12. h6 Bh8 13. Bg3 Qb6 14. Rh5 f6 15.
Bc4+ e6 16. Bb3 Rfd8 17. Bd6 a5 18. Qg4 Kf7 19. Qxe4 1-0

[Event "20. Obert Int. Sant Marti 2018"]
[Site "Barcelona ESP"]
[Date "2018.07.21"]
[Round "9.45"]
[White "Alcaraz Lopez, Francesc"]
[Black "Borrellas Comellas, Josep"]
[Result "0-1"]
[WhiteElo "1889"]
[BlackElo "2080"]
[PlyCount "76"]
[EventDate "2018.07.13"]
[EventType "swiss"]
[EventRounds "9"]
[EventCountry "ESP"]
[SourceTitle "Ajedrez en Madrid"]
[Source "lmi"]
[SourceDate "2018.07.13"]
[SourceVersion "1"]
[SourceVersionDate "2019.06.21"]
[SourceQuality "1"]

1. c4 e6 2. d4 d5 3. e3 Nf6 4. Nf3 Be7 5. Nc3 O-O 6. Bd3 a6 7. O-O c5 8. a3
cxd4 9. exd4 dxc4 10. Bxc4 b5 11. Ba2 Bb7 12. Bg5 h6 13. Bh4 Nbd7 14. Re1 Nb6
15. Ne5 Nbd5 16. Qe2 Nf4 17. Qd2 Nxg2 18. Bxf6 Bxf6 19. Nxf7 Nxe1 20. Rxe1 Rxf7
21. Bxe6 Qxd4 22. Qe2 Kf8 23. Bxf7 Kxf7 24. Qe6+ Kg6 25. Ne4 Bxe4 26. Rxe4 Qd1+
27. Re1 Qd8 28. Qe4+ Kf7 29. Re3 Kg8 30. Rg3 Qd1+ 31. Kg2 Rd8 32. Qg6 Qd5+ 33.
Kh3 Kh8 34. b4 Qc6 35. Re3 Rf8 36. f4 Qd7+ 37. Kg2 Qd2+ 38. Kf3 Bg5 0-1

[Event "20. Obert Int. Sant Marti 2018"]
[Site "Barcelona ESP"]
[Date "2018.07.21"]
[Round "9.46"]
[White "Roa Ribera, Alvaro"]
[Black "Yang, Jack Nathaniel"]
[Result "1/2-1/2"]
[WhiteElo "1742"]
[BlackElo "1661"]
[PlyCount "194"]
[EventDate "2018.07.13"]
[EventType "swiss"]
[EventRounds "9"]
[EventCountry "ESP"]
[SourceTitle "Ajedrez en Madrid"]
[Source "lmi"]
[SourceDate "2018.07.13"]
[SourceVersion "1"]
[SourceVersionDate "2019.06.21"]
[SourceQuality "1"]

1. e4 c5 2. Nc3 Nc6 3. Bb5 Nd4 4. Bc4 g6 5. Nge2 Bg7 6. O-O a6 7. a4 d6 8. d3
Bg4 9. f3 Bd7 10. Nxd4 cxd4 11. Ne2 e6 12. f4 Ne7 13. Qe1 Bc6 14. Bb3 d5 15. e5
h5 16. Qf2 h4 17. Nxd4 Nf5 18. a5 Qc7 19. Nf3 O-O-O 20. Ba4 d4 21. Bxc6 Qxc6
22. Ng5 Qc7 23. Bd2 Kb8 24. Rfc1 Qd7 25. Ne4 g5 26. Nxg5 Rdg8 27. Ne4 Rh6 28.
Qf3 Rg6 29. Kh1 Bh8 30. Rg1 Ng3+ 31. Nxg3 hxg3 32. h3 f6 33. exf6 Bxf6 34. Rae1
Rh8 35. Qe4 e5 36. f5 Rh5 37. Rgf1 Rg8 38. c3 Qg7 39. Re2 Rh4 40. Qf3 dxc3 41.
bxc3 Qh7 42. Kg1 Qd7 43. Re4 Rh7 44. Rb4 Qc7 45. Rfb1 Rgg7 46. Rb6 Bd8 47. c4
Qc5+ 48. Be3 Qxa5 49. Re6 Qa2 50. Rd1 Qa4 51. Rf1 Qd7 52. Rxe5 Rg8 53. Rd5 Qe8
54. Bf4+ Ka8 55. Ra1 Bb6+ 56. c5 Ba7 57. d4 Qb5 58. Rd6 Qb2 59. Rd1 Rxh3 60.
Rd8+ Rxd8 61. gxh3 Qh2+ 62. Kf1 g2+ 63. Ke2 g1=N+ 64. Kf1 Nxf3 65. Bxh2 Nxh2+
66. Kg2 Rd5 67. Kxh2 Rxf5 68. Kg3 Bb8+ 69. Kg4 Rf7 70. h4 Ka7 71. h5 Rg7+ 72.
Kf5 Rh7 73. Kg6 Rh8 74. h6 Bf4 75. h7 Bg5 76. Kxg5 Rxh7 77. d5 Rd7 78. Kf5 Kb8
79. Ke6 Kc7 80. Rb1 Rd8 81. Rb6 Rh8 82. d6+ Kc8 83. c6 Rh6+ 84. Ke7 Rh7+ 85.
Ke8 Rh8+ 86. Ke7 Rh7+ 87. Ke8 Rh8+ 88. Kf7 bxc6 89. Rxc6+ Kb7 90. Rc1 Rh7+ 91.
Ke6 Rh6+ 92. Ke5 Rh5+ 93. Ke6 Rh6+ 94. Ke7 Rh7+ 95. Ke8 Rh8+ 96. Kf7 Rh7+ 97.
Ke6 Rh6+ 1/2-1/2